| 000 | 00859nam a2200265Ia 4500 | ||
|---|---|---|---|
| 005 | 20260704175957.0 | ||
| 008 | 260704s9999||||xx |||||||||||||| ||und|| | ||
| 020 |
_a0745602290 _qpbk |
||
| 020 |
_a9780745602295 _qpbk |
||
| 082 |
_a823.914 _bLAN |
||
| 100 | _aLane, Richard J. | ||
| 245 | 4 | _aThe postcolonial novel | |
| 250 | _a1st Ind. rep. 2007 | ||
| 260 |
_aCambridge _bPolity Press _c2006 |
||
| 300 | _avii, 146p. ; 23cm. | ||
| 490 | _aThemes in Twentieth-Century literature and culture | ||
| 653 | _aCommonwealth fiction (English)--History and criticism | ||
| 653 | _aComparative literature | ||
| 653 | _aEnglish fiction--20th century--History and criticism | ||
| 653 | _aImperialism in literature | ||
| 653 | _aLiterature and society | ||
| 653 | _aPostcolonialism in literature | ||
| 653 | _aPostcolonialism in literature | ||
| 942 | _cBK | ||
| 999 |
_c57361 _d57361 |
||